Survey research methods (Record no. 393310)

MARC details
000 -LEADER
fixed length control field 00517 a2200205 4500
005 - DATE & TIME
control field 20260116153938.0
008 - FIXED-LENGTH DATA ELEMENTS--GENERAL INFORMATION
fixed length control field 260114b |||||||| |||| 00| 0 eng d
020 ## - ISBN
International Standard Book Number 9781452259000
Price $ 116.00
040 ## - CATALOGING SOURCE
Original cataloging agency VIVEKANANDA LIBRARY
082 ## - DDC NUMBER
Classification number 300.723
Book Number F829S
100 ## - MAIN ENTRY--PERSONAL NAME
Personal name Fowler, Floyd J
245 ## - TITLE STATEMENT
Title Survey research methods
250 ## - EDITION STATEMENT
Edition statement 5th
260 ## - PUBLICATION, DISTRIBUTION, ETC. (IMPRINT)
Name of publisher, distributor, etc Sage Publications
Place of publication, distribution, etc London
Date of publication, distribution, etc 2014
300 ## - PHYSICAL DESCRIPTION
Pages xi, 171
650 ## - Subject
Subject Social Science
650 ## - Subject
Subject Research Methods
650 ## - Subject
Subject Surveys Research
942 ## - ADDED ENTRY ELEMENTS (KOHA)
Koha item type Books
Holdings
Withdrawn status Lost status Source of classification or shelving scheme Damaged status Not for loan Location (home branch) Sublocation or collection (holding branch) Shelving location Date acquired Koha issues (times borrowed) Koha full call number Accession No. Koha date last seen Koha item type
    Dewey Decimal Classification     VIVEKANANDA LIBRARY VIVEKANANDA LIBRARY Vivekananda Library 08/10/2025   300.723 F829S 443275 08/10/2025 Books
© Designed and Maintained by Vivekananda Library, MDU Rohtak